1386 1818 1727 1660 1759 1010 1870 1879 1431 1891 1407 1547 1593 1592 1532 1604 1606 1475 1536 1246 1658 1926 1455 1504 1662 1717 1423 1948 1867 1721 1224 1316 1746 1164 1927 1576 1667 1111 1307 1007 1009 1037 1989 1449 1525 1253 1494 1581 1360 1521 1154 1872 1599 1944 1597 1874 1676 1039 1897 1519 1657 1171 1342 1391 1496 1990 1009 1472 1844 1514 1367 1046 1300 1707 1574 1618 1999 1382 1541 1042 1685 1688 1894 1303 1576 1177 1205 1985 1310 1702 1917 1114 1108 1255 1268 1686 1331 1648 1534 BCNSPRNW ULIB Ver.6.0+V

เปลี่ยนเป็นภาษาไทย

Change to English
 แสดงรายละเอียดบรรณานุกรม
  กลับหน้าหลัก

Brief Record : Get Marc (ISO 2709) : E-mail record : QR code < ปิดหน้าต่าง
LEADER : 00000nam 2200000uu 4500
001    13399126014
003     ULIB
008    180427s2559||||th 000 0 tha d
020    ^a9786160027378
050    ^aนว^bญ461อ
100  0  ^aญาณนภา.
245  1  ^aอัคนีพยัคฆ์ /^cญาณนภา.
250    ^aพิมพ์ครั้งที่ 1.
260    ^aกรุงเทพฯ :^bPrincess,^c2559.
300    ^a511 หน้า ;^c21 ซม.
490  1  ^aชุดจอมใจพยัคฆ์
830    0 ^aชุดจอมใจพยัคฆ์.
850    ^aมบ.
945    ^p300^l0^i003428
999    ^aประนอม เกษจรัล
รายการนี้ยังไม่มีแท็ก
คุณยังไม่ได้ล็อกอิน คุณสามารถมีกิจกรรมร่วมกับเว็บไซต์ได้ แต่ต้องล็อกอินก่อน ::
  ล็อกอิน

รายการสื่อสารสนเทศ

ลำดับที่ ประเภท เลขเรียก/บาร์โค้ด สถานที่ สถานะ
1. นวนิยาย
นวนิยาย
นว ญ461อ ฉ.1 
  Barcode: 003428
ห้องสมุดวิทยาเขตนครสวรรค์
►นวนิยาย:l:Fiction
บนชั้น

BibComment


ยังไม่เคยถูกคอมเมนท์

คอมเมนท์ทรัพยากรรายการนี้
  คอมเมนท์: อัคนีพยัคฆ์ ญ..


 Copyright 2026. Bcnsprnw @Library